GDP (Millions of USD) | Country |
16,720,000 | United States | | 95.8% | 9,330,000 | China | | 94.8% | 5,007,000 | Japan | | 92.6% | 3,593,000 | Germany | | 91.9% | 2,739,000 | France | | 91% | 2,490,000 | United Kingdom | | 90.7% | 2,190,000 | Brazil | | 88.9% | 2,113,000 | Russia | | 87.7% | 2,068,000 | Italy | | 87.2% | 1,670,000 | India | | 86.9% | 1,825,000 | Canada | | 86.6% | 1,356,000 | Spain | | 83.9% | 1,327,000 | Mexico | | 83.6% | 1,488,000 | Australia | | 83.4% | 867,500 | Indonesia | | 82.6% | 1,198,000 | South Korea | | 82.2% | 821,800 | Turkey | | 81.3% | 722,300 | Netherlands | | 81% | 718,500 | Saudi Arabia | | 78% | 646,200 | Switzerland | | 78% | 552,000 | Sweden | | 77.8% | 515,800 | Norway | | 76.7% | 507,400 | Belgium | | 76.5% | 513,900 | Poland | | 76.3% | 502,000 | Nigeria | | 76% | 417,900 | Austria | | 74% | 411,900 | Iran | | 73.6% | 484,600 | Argentina | | 73.5% | 400,900 | Thailand | | 73.1% | 484,700 | Taiwan | | 72.7% | 390,000 | United Arab Emirates | | 71.8% | 369,200 | Colombia | | 71.6% | 324,300 | Denmark | | 71.3% | 236,500 | Pakistan | | 70.7% | 272,200 | Philippines | | 70.3% | 353,900 | South Africa | | 70.1% | 367,500 | Venezuela | | 69.7% | 262,000 | Egypt | | 69.6% | 272,700 | Israel | | 68.9% | 259,600 | Finland | | 68.4% | 268,700 | Singapore | | 68.1% | 312,400 | Malaysia | | 68% | 243,300 | Greece | | 68% | 291,700 | Chile | | 67.6% | 220,900 | Ireland | | 66.4% | 219,300 | Portugal | | 66.1% | 213,100 | Qatar | | 65.1% | 140,200 | Bangladesh | | 64.8% | 215,700 | Algeria | | 63.7% | 188,900 | Romania | | 63.7% | 224,900 | Kazakhstan | | 63.3% | 170,000 | Vietnam | | 63.3% | 194,800 | Czech Republic | | 63.1% | 210,300 | Peru | | 63% | 175,500 | Ukraine | | 61.8% | 221,800 | Iraq | | 61.8% | 181,100 | New Zealand | | 61.5% | 179,500 | Kuwait | | 61.3% | 130,600 | Hungary | | 60.8% | 96,960 | Slovakia | | 58.3% | 104,800 | Morocco | | 58% | 60,540 | Luxembourg | | 56.3% | 91,410 | Ecuador | | 56.2% | 81,950 | Oman | | 56% | 124,000 | Angola | | 53.9% | 72,300 | Cuba | | 53.6% |
|
GDP (Millions of USD) | Country |
76,010 | Azerbaijan | | 53.4% | 69,240 | Belarus | | 52.7% | 59,430 | Myanmar | | 52.7% | 47,340 | Ethiopia | | 52.2% | 70,920 | Libya | | 50.5% | 59,140 | Croatia | | 50.5% | 65,120 | Sri Lanka | | 49.4% | 57,110 | Uruguay | | 48.8% | 64,700 | Syria | | 48.6% | 53,700 | Bulgaria | | 48.3% | 55,180 | Uzbekistan | | 48.1% | 45,206 | Kenya | | 48.1% | 59,270 | Dominican Republic | | 47.7% | 46,820 | Slovenia | | 47.1% | 53,900 | Guatemala | | 46.2% | 46,710 | Lithuania | | 46.2% | 52,500 | Sudan | | 46.1% | 43,680 | Serbia | | 45.6% | 48,510 | Costa Rica | | 45.6% | 48,380 | Tunisia | | 45.3% | 31,940 | Tanzania | | 45.3% | 47,340 | Ghana | | 44.7% | 30,380 | Latvia | | 43.4% | 40,620 | Panama | | 42.5% | 30,560 | Paraguay | | 42.1% | 43,890 | Yemen | | 42% | 29,810 | Bolivia | | 41.9% | 28,360 | Bahrain | | 41.5% | 18,560 | Democratic Republic of the Congo | | 41.5% | 43,490 | Lebanon | | 41.4% | 24,280 | Estonia | | 41.1% | 34,080 | Jordan | | 40.2% | 40,560 | Turkmenistan | | 40.1% | 28,000 | North Korea | | 39.8% | 14,590 | Iceland | | 39.4% | 28,280 | Côte d'Ivoire | | 39.2% | 27,880 | Cameroon | | 39.2% | 22,600 | Uganda | | 38.5% | 27,130 | Trinidad and Tobago | | 37.9% | 16,560 | Brunei | | 37.7% | 24,670 | El Salvador | | 37.6% | 20,650 | Afghanistan | | 37% | 21,780 | Cyprus | | 36.9% | 19,340 | Nepal | | 36.5% | 18,870 | Bosnia and Herzegovina | | 36.3% | 17,080 | Equatorial Guinea | | 35.6% | 22,240 | Zambia | | 35.5% | 18,880 | Honduras | | 35.4% | 19,970 | Gabon | | 34.4% | 15,640 | Cambodia | | 33.2% | 15,950 | Georgia | | 33% | 9,541 | Malta | | 32.4% | 15,530 | Botswana | | 32.1% | 14,670 | Mozambique | | 32% | 15,360 | Senegal | | 31.7% | 12,800 | Albania | | 31.6% | 72 | Nauru | | 31.3% | 16,100 | Papua New Guinea | | 31.1% | 38 | Tuvalu | | 31% | 5,748 | Monaco | | 30.7% | 5,113 | Liechtenstein | | 30.6% | 12,300 | Namibia | | 30.1% | 14,250 | Republic of the Congo | | 29.8% | 14,390 | Jamaica | | 29.8% | 4,800 | Andorra | | 29.8% | 13,590 | Chad | | 29.6% |
|
GDP (Millions of USD) | Country |
10,530 | Madagascar | | 29.5% | 8,373 | Bahamas | | 29.4% | 11,900 | Mauritius | | 29.3% | 11,370 | Mali | | 29.1% | 12,130 | Burkina Faso | | 28.9% | 11,280 | Nicaragua | | 28.4% | 10,650 | Macedonia | | 28.2% | 221 | Palau | | 28.2% | 4,218 | Fiji | | 27.8% | 1,866 | San Marino | | 27.8% | 10,400 | Armenia | | 27.8% | 173 | Kiribati | | 27.7% | 8,513 | Tajikistan | | 27.6% | 11,700 | South Sudan | | 27.4% | 4,518 | Montenegro | | 27.4% | 193 | Marshall Islands | | 27% | 11,140 | Mongolia | | 26.9% | 8,287 | Haiti | | 26.8% | 3,683 | Malawi | | 26.8% | 7,932 | Moldova | | 26.7% | 477 | Tonga | | 26.7% | 10,480 | Zimbabwe | | 26.5% | 339 | Micronesia | | 26.5% | 10,100 | Laos | | 26.4% | 7,234 | Kyrgyzstan | | 26.3% | 5,009 | Suriname | | 26% | 7,304 | Niger | | 26% | 7,150 | Kosovo | | 25.9% | 7,700 | Rwanda | | 25.8% | 828 | Vanuatu | | 25.8% | 705 | Samoa | | 25.7% | 4,262 | Barbados | | 25.6% | 767 | Saint Kitts and Nevis | | 25.5% | 8,359 | Benin | | 25.5% | 1,271 | Seychelles | | 25.2% | 6,544 | Guinea | | 25% | 658 | Comoros | | 25% | 311 | São Tomé and Príncipe | | 25% | 1,377 | Saint Lucia | | 24.9% | 742 | Saint Vincent and the Grenadines | | 24.9% | 1,099 | Solomon Islands | | 24.7% | 495 | Dominica | | 24.7% | 6,129 | Timor-Leste | | 24.5% | 3,020 | Guyana | | 24.5% | 880 | Guinea-Bissau | | 24.4% | 811 | Grenada | | 24.3% | 896 | The Gambia | | 24.2% | 1,220 | Antigua and Barbuda | | 24.1% | 6,641 | Palestine | | 24% | 4,299 | Togo | | 24% | 1,955 | Cabo Verde | | 23.8% | 3,796 | Sierra Leone | | 23.7% | 2,676 | Burundi | | 23.7% | 2,270 | Maldives | | 23.5% | 3,807 | Swaziland | | 23.4% | 1,977 | Liberia | | 23.4% | 1,637 | Belize | | 23.3% | 2,050 | Central African Republic | | 23.2% | 1,459 | Djibouti | | 23.1% | 2,372 | Somalia | | 22.9% | 2,457 | Lesotho | | 22.8% | 2,133 | Bhutan | | 22.7% | 4,183 | Mauritania | | 22.5% | 3,438 | Eritrea | | 22% |
|
Comments